[Event "M.SCLODOWSKA-CURIE"]
[Site "SchemingMind.com"]
[Date "2007.10.13"]
[Round "-"]
[White "peeuukoo"]
[Black "jesusch"]
[Result "1/2-1/2"]
[WhiteCountry "FIN"]
[BlackCountry "ESP"]
[WhiteElo "2038"]
[WhiteRD "80"]
[BlackElo "1786"]
[BlackRD "102"]
[GameID "123822"]

1. d4 Nf6 2. c4 g6 3. Nc3 Bg7 4. e4 d6 5. Bd3 O-O 6. f3 c5 7. d5 Nbd7 8. Bf4 Ne5 9. Bxe5 dxe5 10. Nge2 Bh6
11. O-O Be3+ 12. Kh1 Qb6 13. Qc2 Bd7 14. Rab1 Rfd8 15. h3 Qd6 16. Nd1 Bd4 17. Qd2 Nh5 18. Nf2 Nf4 19. Bc2 b5 20. b3 Nxe2
21. Qxe2 Qa6 22. Bd3 b4 23. Ng4 Qd6 24. Qd2 a6 25. Qg5 Rf8 26. Bc2 Rad8 27. Nh6+ Kh8 28. Ng4 a5 29. Rbd1 f6 30. Qh4 Bxg4
31. Qxg4=
1/2-1/2

[Event "M.SCLODOWSKA-CURIE"]
[Site "SchemingMind.com"]
[Date "2007.10.08"]
[Round "-"]
[White "peeuukoo"]
[Black "Francisco Aquino"]
[Result "1-0"]
[WhiteCountry "FIN"]
[BlackCountry "BRA"]
[WhiteElo "1975"]
[WhiteRD "83"]
[BlackElo "1725"]
[BlackRD "145"]
[GameID "123823"]

1. d4 d5 2. c4 dxc4 3. Nc3 Nc6 4. d5 Ne5 5. e4 Nf6 6. f4 Bg4 7. Qa4+ Bd7 8. Qc2 Nd3+ 9. Bxd3 cxd3 10. Qxd3 e6
11. Nf3 Bc5 12. Be3 Bxe3 13. Qxe3 O-O 14. O-O exd5 15. exd5 Bg4 16. Ne5 Re8 17. Qc5 b6 18. Qc4 Rc8 19. Rae1 Bh5 20. Qb4 Nxd5
21. Qa3 Nxc3 22. bxc3 a5 23. Nc6 Qd7 24. Ne7+
1-0

[Event "M.SCLODOWSKA-CURIE"]
[Site "SchemingMind.com"]
[Date "2007.10.09"]
[Round "-"]
[White "peeuukoo"]
[Black "wmakos"]
[Result "1-0"]
[WhiteCountry "FIN"]
[BlackCountry "POL"]
[WhiteElo "2038"]
[WhiteRD "80"]
[BlackElo "1690"]
[BlackRD "112"]
[GameID "123824"]

1. d4 Nf6 2. c4 g6 3. Nc3 Bg7 4. e4 d6 5. f3 O-O 6. Be3 c5 7. dxc5 dxc5 8. Qxd8 Rxd8 9. Bxc5 Nc6 10. Nge2 b6
11. Be3 Ne5 12. Nf4 Ba6 13. Nb5 Ne8 14. Rb1 Nc6 15. a3 Ne5 16. Nd5 Nc6 17. Nbc7 e6 18. Nxe8 exd5 19. Nc7 d4 20. Bd2 Bxc4
21. Nxa8 Bxf1 22. Kxf1 Rxa8 23. Kf2 Ne5 24. Rhd1 Nc4 25. f4 d3 26. e5 h5 27. Bb4 Rd8 28. b3 Na5 29. Bd6 Bh6 30. Kf3 Bf8
31. Rxd3 Nb7 32. Rbd1 f6 33. Bxf8 Rxd3+ 34. Rxd3 Kxf8 35. exf6 Nc5 36. Re3
1-0

[Event "M.SCLODOWSKA-CURIE"]
[Site "SchemingMind.com"]
[Date "2007.10.08"]
[Round "-"]
[White "Dr_Pat"]
[Black "peeuukoo"]
[Result "0-1"]
[WhiteCountry "USA"]
[BlackCountry "FIN"]
[WhiteElo "1566"]
[WhiteRD "47"]
[BlackElo "1975"]
[BlackRD "83"]
[GameID "123825"]

1. d4 d5 2. c4 Nf6 3. e3 e6 4. Nf3 c6 5. Nc3 Bb4 6. Be2 Ne4 7. Bd2 Nxd2 8. Qxd2 Nd7 9. O-O dxc4 10. Bxc4 Nb6
11. Bd3 Nd5 12. e4 Nf6 13. Ne5 O-O 14. a3 Ba5 15. b4 Bc7 16. f4 Qxd4+ 17. Kh1 Bxe5 18. fxe5 Qxe5 19. Nd1 Qxa1
0-1

[Event "M.SCLODOWSKA-CURIE"]
[Site "SchemingMind.com"]
[Date "2007.10.09"]
[Round "-"]
[White "Lazaro"]
[Black "peeuukoo"]
[Result "0-1"]
[WhiteCountry "CUB"]
[BlackCountry "FIN"]
[WhiteElo "1874"]
[WhiteRD "51"]
[BlackElo "2038"]
[BlackRD "80"]
[GameID "123826"]

1. e4 e5 2. Nf3 Nc6 3. Bb5 a6 4. Ba4 Nf6 5. O-O Be7 6. d4 exd4 7. e5 Ne4 8. Nxd4 Nxd4 9. Qxd4 Nc5 10. Bb3 O-O
11. Nd2 Nxb3 12. Nxb3 b6 13. Qd5 Rb8 14. Rd1 d6 15. exd6 Bxd6 16. Bf4 Bb7 17. Qd2 Re8 18. Bxd6 cxd6 19. Qxd6 Re1+
0-1

[Event "M.SCLODOWSKA-CURIE"]
[Site "SchemingMind.com"]
[Date "2007.10.09"]
[Round "-"]
[White "Archon"]
[Black "peeuukoo"]
[Result "0-1"]
[WhiteCountry "CAN"]
[BlackCountry "FIN"]
[WhiteElo "1710"]
[WhiteRD "51"]
[BlackElo "1975"]
[BlackRD "83"]
[GameID "123827"]

1. Nf3 d5 2. c4 d4 3. g3 g6 4. Bg2 Bg7 5. d3 Nf6 6. O-O O-O 7. b4 Re8 8. Na3 e5 9. Nc2 Nc6 10. a3 Rb8
11. Nd2 Bd7 12. Ne4 Nxe4 13. Bxe4 Ne7 14. Bb2 c6 15. Rc1 Bg4 16. Ne1 Qd7 17. Nc2 Nf5 18. Rb1 Nd6 19. f4 Nxe4 20. dxe4 exf4
21. gxf4 Rxe4 22. Ne1 Bxe2 23. Qd2 Bxf1 24. Kxf1 Rbe8 25. Nd3 Qh3+
0-1

[Event "M.SCLODOWSKA-CURIE"]
[Site "SchemingMind.com"]
[Date "2007.10.08"]
[Round "-"]
[White "Bacon"]
[Black "peeuukoo"]
[Result "0-1"]
[WhiteCountry "BER"]
[BlackCountry "FIN"]
[WhiteElo "1090"]
[WhiteRD "83"]
[BlackElo "1975"]
[BlackRD "83"]
[GameID "123828"]

1. e4 e5 2. Nf3 Nc6 3. Nc3 Nf6 4. Bc4 Nxe4 5. Nxe4 d5 6. Qe2 dxc4 7. Qxc4 Be7 8. O-O O-O 9. h3 Be6 10. Qb5 Bd5
11. Qd3 Nb4 12. Qe2 Nxc2 13. Rb1 Nd4 14. Qe3 Nxf3+ 15. Qxf3 f5 16. Nf6+ Rxf6 17. Qe3 Rg6 18. Qxe5 Rxg2+ 19. Kh1 Rxf2+ 20. Qxd5+ Qxd5+
21. Kg1 Qg2#
0-1

[Event "M.SCLODOWSKA-CURIE"]
[Site "SchemingMind.com"]
[Date "2007.10.08"]
[Round "-"]
[White "Clive Everill"]
[Black "peeuukoo"]
[Result "0-1"]
[WhiteCountry "CZE"]
[BlackCountry "FIN"]
[WhiteElo "1633"]
[WhiteRD "59"]
[BlackElo "1975"]
[BlackRD "83"]
[GameID "123829"]

1. c4 e5 2. Nc3 Nf6 3. Nf3 Nc6 4. g3 d5 5. cxd5 Nxd5 6. Nxd5 Qxd5 7. Bg2 Qd8 8. O-O Be7 9. d3 O-O 10. a3 Be6
11. b4 Bf6 12. Bb2 Qd7 13. Nd2 Rfe8 14. Ne4 Be7 15. Rc1 Rac8 16. Nc5 Bxc5 17. Rxc5 f6 18. Qa4 Bh3 19. Bxc6 bxc6 20. Rfc1 Qf7
21. Qxc6 Qh5 22. Qd5+ Be6 23. Qe4 Qf7 24. d4 exd4 25. Qxd4 h6 26. Qf4 Re7 27. e4 Rd7 28. e5 f5 29. Rc6 Rcd8 30. Rxe6 Qxe6
31. Qe3 Rd1+ 32. Rxd1 Rxd1+ 33. Kg2 Qd5+ 34. Kh3 g5 35. e6 g4+ 36. Kh4 Rh1 37. Kh5 f4+ 38. Qe5 Qxe5+ 39. Bxe5 Rxh2+ 40. Kxg4 h5+
41. Kf5 Rxf2 42. Bxf4 Kf8 43. Kg5 Ke7 44. Kxh5 c6 45. Be3 Rf3 46. Bxa7 Rxg3 47. a4 Rd3 48. Bc5+ Kxe6 49. Kg4 Ra3 50. a5 Kd5
51. Bb6 Kc4 52. Bc7 Kxb4 53. Kf4 Rxa5 54. Ke4 Rd5 55. Bf4 Rd1 56. Ke3 c5 57. Ke2 Rd7 58. Bc1 c4 59. Bh6 c3 60. Bc1 c2
0-1

[Event "M.SCLODOWSKA-CURIE"]
[Site "SchemingMind.com"]
[Date "2007.10.13"]
[Round "-"]
[White "jesusch"]
[Black "peeuukoo"]
[Result "0-1"]
[WhiteCountry "ESP"]
[BlackCountry "FIN"]
[WhiteElo "1786"]
[WhiteRD "102"]
[BlackElo "2038"]
[BlackRD "80"]
[GameID "123830"]

1. e4 e5 2. Nf3 Nc6 3. Bb5 a6 4. Ba4 Nf6 5. O-O Be7 6. Re1 b5 7. Bb3 O-O 8. c3 d5 9. exd5 Nxd5 10. Nxe5 Nxe5
11. Rxe5 c6 12. d4 Bd6 13. Re1 Qh4 14. g3 Qh3 15. Be3 Bg4 16. Qd3 f5 17. f4 Rae8 18. Nd2 g5 19. Qf1 Qh5 20. Qg2 gxf4
21. gxf4 Kh8 22. Bxd5 cxd5 23. Qxd5 Rg8 24. Kh1 Re4 25. Rf1 Rxe3 26. Qxd6 h6 27. Qf6+ Kh7 28. Rf2 Re2 29. Raf1 Rxd2 30. Rxd2 Bf3+
0-1

[Event "M.SCLODOWSKA-CURIE"]
[Site "SchemingMind.com"]
[Date "2007.10.08"]
[Round "-"]
[White "Francisco Aquino"]
[Black "peeuukoo"]
[Result "1/2-1/2"]
[WhiteCountry "BRA"]
[BlackCountry "FIN"]
[WhiteElo "1725"]
[WhiteRD "145"]
[BlackElo "1975"]
[BlackRD "83"]
[GameID "123831"]

1. e4 e5 2. Nf3 Nc6 3. Bb5 a6 4. Ba4 Be7 5. O-O Nf6 6. Nc3 b5 7. Bb3 O-O 8. d4 b4 9. Nd5 Nxd4 10. Nxe7+ Qxe7
11. Nxd4 exd4 12. Qxd4 c5 13. Qe3 Re8 14. Re1 Bb7 15. f3 Bc6 16. a3 a5 17. Bd2 Rac8 18. axb4 axb4 19. Ra7 Qf8 20. e5 Nd5
21. Bxd5 Bxd5 22. Rxd7 Be6 23. Ra7 Re7 24. Rea1 Rec7 25. Qe4 Rxa7 26. Rxa7 Qd8 27. Qe3 h6 28. h3 Qd5 29. c3 Rd8 30. Be1=
1/2-1/2

[Event "M.SCLODOWSKA-CURIE"]
[Site "SchemingMind.com"]
[Date "2007.10.09"]
[Round "-"]
[White "wmakos"]
[Black "peeuukoo"]
[Result "0-1"]
[WhiteCountry "POL"]
[BlackCountry "FIN"]
[WhiteElo "1690"]
[WhiteRD "112"]
[BlackElo "2038"]
[BlackRD "80"]
[GameID "123832"]

1. e4 e5 2. Nf3 Nc6 3. Bb5 a6 4. Ba4 Nf6 5. O-O Be7 6. Re1 b5 7. Bb3 O-O 8. c3 d5 9. exd5 Nxd5 10. d3 Bg4
11. h3 Bh5 12. Nbd2 Nf4 13. Nf1 Nxd3 14. Re3 Nxc1 15. Rxc1 Qe8 16. Qe2 Bg5 17. Ng3 Bxe3 18. Qxe3 Bg6 19. Nh4 Kh8 20. Nxg6+ fxg6
21. Ne4 Na5 22. Bc2 Nc4 23. Qg3 Qf7 24. Ng5 Qf4 25. Kh2 Qxc1 26. Bxg6 Qf4
0-1

[Event "M.SCLODOWSKA-CURIE"]
[Site "SchemingMind.com"]
[Date "2007.10.08"]
[Round "-"]
[White "1tamad"]
[Black "Dr_Pat"]
[Result "1-0"]
[WhiteCountry "USA"]
[BlackCountry "USA"]
[WhiteElo "1794"]
[WhiteRD "86"]
[BlackElo "1497"]
[BlackRD "44"]
[GameID "123835"]

1. d4 Nf6 2. e3 d5 3. Bd3 Nc6 4. f4 Bg4 5. Nf3 e6 6. c3 Bd6 7. Nbd2 O-O 8. O-O Qd7 9. Qe1 a5 10. a3 b6
11. Ne5 Bxe5 12. fxe5 Ne8 13. e4 f6 14. exf6 Nxf6 15. e5 Ne4 16. Nxe4 dxe4 17. Bxe4 Rxf1+ 18. Qxf1 Rf8 19. Qe1 Qf7 20. Bxc6
1-0

[Event "M.SCLODOWSKA-CURIE"]
[Site "SchemingMind.com"]
[Date "2007.10.08"]
[Round "-"]
[White "1tamad"]
[Black "Lazaro"]
[Result "1-0"]
[WhiteCountry "USA"]
[BlackCountry "CUB"]
[WhiteElo "1766"]
[WhiteRD "73"]
[BlackElo "1874"]
[BlackRD "51"]
[GameID "123836"]

1. d4 d5 2. e3 c5 3. c3 cxd4 4. exd4 Nc6 5. Nf3 Nf6 6. Bd3 e6 7. O-O Be7 8. Nbd2 O-O 9. Qe2 b6 10. Ne5 Bb7
11. f4 Nd7 12. Qh5 g6 13. Nxg6 fxg6 14. Bxg6 Nf6 15. Qh6 hxg6 16. Qxg6+ Kh8 17. Rf3 Nh7 18. Rh3 Bh4 19. Nf3 Rg8 20. Qxe6 Bf6
21. Ne5 Nxe5 22. fxe5 Bc8 23. Rxh7+ Kxh7 24. Qf7+ Bg7 25. Qh5+
1-0

[Event "M.SCLODOWSKA-CURIE"]
[Site "SchemingMind.com"]
[Date "2007.10.08"]
[Round "-"]
[White "1tamad"]
[Black "Archon"]
[Result "1-0"]
[WhiteCountry "USA"]
[BlackCountry "CAN"]
[WhiteElo "1766"]
[WhiteRD "73"]
[BlackElo "1774"]
[BlackRD "50"]
[GameID "123837"]

1. d4 d6 2. e4 Nf6 3. Bd3 e5 4. c3 g6 5. Nf3 Nbd7 6. O-O Bg7 7. Bg5 O-O 8. Nbd2 Qe8 9. Nc4 b5 10. dxe5 dxe5
11. Ne3 Rb8 12. b4 a6 13. Re1 Nb6 14. a3 Bg4 15. Bxf6 Bxf6 16. Nxg4 Bg7 17. Ne3 Qe7 18. Rc1 Rfd8 19. Qc2 Rbc8 20. c4 c6
21. c5 Nd7 22. a4 Nf8 23. axb5 axb5 24. Ra1 Ra8 25. h3 Ne6 26. Red1 Qb7 27. Be2 Nd4 28. Qb2
1-0

[Event "M.SCLODOWSKA-CURIE"]
[Site "SchemingMind.com"]
[Date "2007.10.08"]
[Round "-"]
[White "1tamad"]
[Black "peeuukoo"]
[Result "0-1"]
[WhiteCountry "USA"]
[BlackCountry "FIN"]
[WhiteElo "1766"]
[WhiteRD "73"]
[BlackElo "2038"]
[BlackRD "80"]
[GameID "123838"]

1. d4 d5 2. e3 Nf6 3. Bd3 Nc6 4. f4 g6 5. c3 Bg7 6. Nd2 O-O 7. Ngf3 Bg4 8. O-O e6 9. Qe1 Bf5 10. Be2 Be4
11. Ng5 Bc2 12. b3 h6 13. Ngf3 a6 14. Ba3 Re8 15. Rc1 Be4 16. Nxe4 Nxe4 17. Bd3 Nf6 18. Ne5 Ne4 19. Rc2 Nd6 20. Rf3 Nxe5
21. fxe5 Nf5 22. e4 dxe4 23. Bxe4 c6 24. Bxf5 exf5 25. Qg3 Kh7 26. Rcf2 Re6 27. Qh3 b6 28. g4 fxg4 29. Qxg4 f5 30. Qg2 Ra7
31. Rg3 Qd7 32. h4 h5 33. Kh2 Qf7 34. c4 c5 35. d5 Rxe5 36. Bb2 Re4 37. Kh3 Bxb2 38. Rxb2 Rae7 39. d6 Qf6 40. Rg5 Qxd6
41. Rd2 Qf4
0-1

[Event "M.SCLODOWSKA-CURIE"]
[Site "SchemingMind.com"]
[Date "2007.10.08"]
[Round "-"]
[White "1tamad"]
[Black "Bacon"]
[Result "1-0"]
[WhiteCountry "USA"]
[BlackCountry "BER"]
[WhiteElo "1760"]
[WhiteRD "69"]
[BlackElo "1157"]
[BlackRD "95"]
[GameID "123839"]

1. d4 d5 2. e3 Nc6 3. Bb5 a6 4. Bxc6+ bxc6 5. Nf3 e6 6. O-O Nf6 7. b3 a5 8. a3 c5 9. Bb2 Bb7 10. Ne5 Qe7
11. Qd3 Ba6 12. c4 h6 13. Rc1 dxc4 14. bxc4 Rd8 15. Nc6 Qd7 16. Nxd8 Qxd8 17. Qc3 c6 18. Nd2 Bd6 19. Nf3 Ne4 20. Qe1 a4
21. dxc5 Nxc5 22. Rd1 Nb3 23. Rab1 Bxc4 24. Qc3 Na5 25. Rxd6 Qxd6 26. Qxa5 O-O 27. Qxa4 Bd3 28. Rd1 c5 29. Ne5 c4 30. Nxc4 Qd5
31. Ne5 Qb5 32. Qb4 Qxb4 33. axb4 Be2 34. Rc1 g6 35. Bd4 Kh7 36. f3 f6 37. Nd7 Rf7 38. Nxf6+ Kg7 39. Ne4+ Kh7 40. Nc3 Bd3
41. b5 Rb7 42. b6 h5 43. Na4 Kh6 44. Nc5 Rxb6 45. Nxd3 Rb3 46. Nc5 Rb6 47. h4 Rc6 48. Rc3 Kh7 49. Kh2 Rd6 50. Kg3 Rc6
51. Ne4 Ra6 52. Rc7+ Kh6 53. Bg7+ Kh7 54. Bf6+ Kg8 55. Rg7+ Kf8 56. Rxg6 Kf7 57. Rh6 Ra5 58. Nd6+
1-0

[Event "M.SCLODOWSKA-CURIE"]
[Site "SchemingMind.com"]
[Date "2007.10.09"]
[Round "-"]
[White "1tamad"]
[Black "Clive Everill"]
[Result "1-0"]
[WhiteCountry "USA"]
[BlackCountry "CZE"]
[WhiteElo "1766"]
[WhiteRD "73"]
[BlackElo "1677"]
[BlackRD "55"]
[GameID "123840"]

1. d4 Nf6 2. e3 g6 3. Nf3 Bg7 4. Be2 d6 5. O-O O-O 6. c4 c5 7. Nc3 a6 8. Rb1 cxd4 9. exd4 Nc6 10. Bg5 Bg4
11. Qd2 Kh8 12. Bh6 Qd7 13. Bxg7+ Kxg7 14. d5 Nd8 15. Nd4 Bxe2 16. Qxe2 e5 17. dxe6 fxe6 18. Rfe1 e5 19. Nf3 Ne6 20. Red1 Qf7
21. Rxd6 Ng4 22. h3 Nf6 23. Qxe5 Rae8 24. Nd5 Nc7 25. Qxf6+ Qxf6 26. Rxf6 Rxf6 27. Nxc7 Rc8 28. Nd5 Rd6 29. Ne3 b5 30. cxb5 axb5
31. b4 Ra6 32. Nd4 Rd8 33. Nxb5 Rxa2 34. Nc3 Ra3 35. Ned5 Rc8 36. Ne4 Rc4 37. f3 Rd3 38. Nf4 Ra3 39. b5 Ra8 40. b6 Rb8
41. b7 Kf8 42. Ne6+ Ke7 43. N4c5
1-0

[Event "M.SCLODOWSKA-CURIE"]
[Site "SchemingMind.com"]
[Date "2007.10.13"]
[Round "-"]
[White "1tamad"]
[Black "jesusch"]
[Result "1-0"]
[WhiteCountry "USA"]
[BlackCountry "ESP"]
[WhiteElo "1760"]
[WhiteRD "69"]
[BlackElo "1739"]
[BlackRD "93"]
[GameID "123841"]

1. d4 Nf6 2. e3 d5 3. Bd3 Nc6 4. f4 Nb4 5. Bb5+ c6 6. Ba4 Bf5 7. a3 Na6 8. Nf3 e6 9. O-O Bd6 10. Nbd2 Qa5
11. Bb3 O-O 12. Ne5 Bxe5 13. fxe5 Ne4 14. Nxe4 Bxe4 15. Bd2 Qc7 16. c3 Qb6 17. Bc2 Bxc2 18. Qxc2 Nc7 19. Rf3 c5 20. Raf1 cxd4
21. exd4 Rac8 22. Rh3 g6 23. Bh6 Rfd8 24. Qf2 Rd7 25. Rf3 Qa6 26. b3 Ne8 27. c4 dxc4 28. Rxf7
1-0

[Event "M.SCLODOWSKA-CURIE"]
[Site "SchemingMind.com"]
[Date "2007.10.08"]
[Round "-"]
[White "1tamad"]
[Black "Francisco Aquino"]
[Result "1/2-1/2"]
[WhiteCountry "USA"]
[BlackCountry "BRA"]
[WhiteElo "1766"]
[WhiteRD "73"]
[BlackElo "1809"]
[BlackRD "97"]
[GameID "123842"]

1. d4 Nf6 2. e3 d5 3. Bd3 Nc6 4. f4 Bg4 5. Nf3 e6 6. Nbd2 Bb4 7. c3 Bd6 8. O-O O-O 9. Qe1 h6 10. Ne5 Ne7
11. e4 Bxe5 12. fxe5 Nxe4 13. Nxe4 dxe4 14. Bxe4 c6 15. Qg3 h5 16. Bg5 Qd7 17. Bxe7 Qxe7 18. h3 Bf5 19. Bxf5 exf5 20. Rxf5 h4
21. Qg4 c5 22. Raf1 cxd4 23. cxd4 Rad8 24. Rg5 f6 25. Rg6 fxe5 26. Rxf8+ Rxf8 27. d5 Rf4 28. Qe6+ Rf7 29. Qc8+ Kh7 30. Qg4 Qc5+
31. Kh2 Qxd5 32. Rg5 Qd4 33. Rh5+ Kg8 34. Qc8+ Rf8=
1/2-1/2

[Event "M.SCLODOWSKA-CURIE"]
[Site "SchemingMind.com"]
[Date "2007.10.09"]
[Round "-"]
[White "1tamad"]
[Black "wmakos"]
[Result "0-1"]
[WhiteCountry "USA"]
[BlackCountry "POL"]
[WhiteElo "1766"]
[WhiteRD "73"]
[BlackElo "1690"]
[BlackRD "112"]
[GameID "123843"]

1. d4 Nf6 2. e3 g6 3. Nf3 Bg7 4. Bc4 O-O 5. O-O d5 6. Bb3 Bg4 7. Nbd2 Nc6 8. c3 e5 9. h3 Bf5 10. Nh4 Be6
11. Bc2 e4 12. f4 Nh5 13. Qe1 Bf6 14. g3 Bxh3 15. Kh2 Bg4 16. Bd1 Bxd1 17. Qxd1 Bxh4
0-1

[Event "M.SCLODOWSKA-CURIE"]
[Site "SchemingMind.com"]
[Date "2007.10.08"]
[Round "-"]
[White "Dr_Pat"]
[Black "1tamad"]
[Result "0-1"]
[WhiteCountry "USA"]
[BlackCountry "USA"]
[WhiteElo "1497"]
[WhiteRD "44"]
[BlackElo "1794"]
[BlackRD "86"]
[GameID "123844"]

1. d4 d5 2. c4 e6 3. Nf3 Nf6 4. Nc3 Bb4 5. e3 Ne4 6. Bd2 Nxd2 7. Qxd2 O-O 8. Be2 Nd7 9. O-O Nf6 10. Ne5 c5
11. Rac1 Ne4 12. Qd3 f6 13. Nf3 f5 14. Ne5 dxc4 15. Nxc4 cxd4 16. exd4 Nf6 17. a3 Be7 18. Ne5 Nd5 19. Nxd5 Qxd5 20. Bf3 Qd6
21. Nc4 Qd8 22. Ne5 Bf6 23. Nc4 Qxd4 24. Qxd4 Bxd4 25. Nd6 Bxb2
0-1

[Event "M.SCLODOWSKA-CURIE"]
[Site "SchemingMind.com"]
[Date "2007.10.11"]
[Round "-"]
[White "Lazaro"]
[Black "1tamad"]
[Result "0-1"]
[WhiteCountry "CUB"]
[BlackCountry "USA"]
[WhiteElo "1595"]
[WhiteRD "46"]
[BlackElo "1776"]
[BlackRD "61"]
[GameID "123845"]

1. e4 e6 2. d4 d5 3. exd5 exd5 4. Nf3 c6 5. Bd3 Bd6 6. O-O Bg4 7. c3 Nf6 8. Re1+ Be7 9. Bg5 O-O 10. Nbd2 h6
11. Bh4 Nbd7 12. Qc2 Re8 13. h3 Be6 14. Re2 Nh5 15. Bg3 Nxg3 16. fxg3 Bd6 17. Nf1 Qc7 18. g4 Nf6 19. Rae1 Re7 20. Nh4 Rae8
21. Bf5 Bxf5 22. Nxf5 Rxe2 23. Rxe2 Rxe2 24. Qxe2 Ne4 25. Nxd6 Qxd6 26. c4 b6
0-1

[Event "M.SCLODOWSKA-CURIE"]
[Site "SchemingMind.com"]
[Date "2007.10.11"]
[Round "-"]
[White "Archon"]
[Black "1tamad"]
[Result "1-0"]
[WhiteCountry "CAN"]
[BlackCountry "USA"]
[WhiteElo "1774"]
[WhiteRD "50"]
[BlackElo "1766"]
[BlackRD "73"]
[GameID "123846"]

1. Nf3 d5 2. c4 e6 3. g3 Nf6 4. Bg2 c6 5. b3 Bd6 6. Bb2 O-O 7. Nc3 Nbd7 8. O-O e5 9. d3 Nh5 10. d4 e4
11. Nh4 Ndf6 12. Bh1 Bh3 13. Ng2 Ng4 14. e3 Qf6 15. cxd5 Bxg2 16. Bxg2 Nxh2 17. Qxh5 Nf3+ 18. Bxf3 exf3 19. dxc6 bxc6 20. Ne4 Qe7
21. Nxd6 Qxd6 22. Qxf3
1-0

[Event "M.SCLODOWSKA-CURIE"]
[Site "SchemingMind.com"]
[Date "2007.10.11"]
[Round "-"]
[White "peeuukoo"]
[Black "1tamad"]
[Result "1-0"]
[WhiteCountry "FIN"]
[BlackCountry "USA"]
[WhiteElo "2038"]
[WhiteRD "80"]
[BlackElo "1766"]
[BlackRD "73"]
[GameID "123847"]

1. d4 d5 2. c4 e6 3. Nc3 c6 4. cxd5 exd5 5. Nf3 Nf6 6. Bg5 Be7 7. e3 O-O 8. Bd3 Nbd7 9. O-O Ng4 10. Bxe7 Qxe7
11. h3 Ngf6 12. Qc2 h6 13. Rfe1 Re8 14. Rac1 Ne4 15. a3 f5 16. Nd2 Qg5 17. Ne2 Ndf6 18. Nf3 Qh5 19. Nf4 Qf7 20. Ne5 Qf8
21. f3 Ng3 22. b4 g5 23. Ne2 Nxe2+ 24. Qxe2 Nd7 25. f4 Nxe5 26. dxe5 Be6 27. Rf1 Re7 28. Rc5 Rd8 29. Rfc1 d4 30. b5 gxf4
31. exf4 Bd5 32. Bc4 Bxc4 33. Qxc4+ Kg7 34. bxc6 bxc6 35. Rxc6 d3 36. Rd1 Red7 37. Qe6 Qxa3 38. Qxh6+ Kf7 39. Qg6+ Ke7 40. Re6+ Kf8
41. Rf6+
1-0

[Event "M.SCLODOWSKA-CURIE"]
[Site "SchemingMind.com"]
[Date "2007.10.08"]
[Round "-"]
[White "Bacon"]
[Black "1tamad"]
[Result "0-1"]
[WhiteCountry "BER"]
[BlackCountry "USA"]
[WhiteElo "1084"]
[WhiteRD "93"]
[BlackElo "1766"]
[BlackRD "73"]
[GameID "123848"]

1. e4 e5 2. Nf3 Nf6 3. Nc3 Bb4 4. a3 Bxc3 5. dxc3 Nxe4 6. Be3 d6 7. Qd5 Nf6 8. Qc4 O-O 9. O-O-O Be6 10. Qa4 Ng4
11. Ng5 Bd7 12. h3 Bxa4 13. Rd2 Nxe3 14. b3 Nxf1 15. Rxf1 Qxg5 16. bxa4 Qxg2 17. Rdd1 Nd7 18. f3 f5 19. Kb2 e4 20. fxe4 fxe4
21. Rg1 Qxh3 22. Rde1 d5 23. Rh1 Qf3 24. Rhf1 Qxf1 25. Rxf1 Rxf1 26. c4 d4
0-1

[Event "M.SCLODOWSKA-CURIE"]
[Site "SchemingMind.com"]
[Date "2007.10.11"]
[Round "-"]
[White "Clive Everill"]
[Black "1tamad"]
[Result "0-1"]
[WhiteCountry "CZE"]
[BlackCountry "USA"]
[WhiteElo "1677"]
[WhiteRD "55"]
[BlackElo "1766"]
[BlackRD "73"]
[GameID "123849"]

1. e4 e5 2. Nf3 d6 3. d4 exd4 4. Nxd4 Nf6 5. Nc3 Be7 6. Be2 O-O 7. Bf4 Nbd7 8. Qd2 Nc5 9. Bf3 Ne6 10. Nf5 Nxf4
11. Nxe7+ Qxe7 12. Qxf4 Nd7 13. O-O Ne5 14. Nd5 Nxf3+ 15. Qxf3 Qd8 16. Qc3 c6 17. Nf4 Qh4 18. Qg3 Qxg3 19. fxg3 Bd7 20. c4 Rfe8
21. Rfe1 Rad8 22. b4 g5 23. Nh5 Re5 24. Nf6+ Kg7 25. Nxd7 Rxd7 26. Re2 Rde7 27. Rae1 f5 28. Kf2 Rxe4 29. Rxe4 fxe4 30. h3 h5
31. a4 Kf6 32. g4 hxg4 33. hxg4 Ke5 34. Ke3 Rf7 35. Re2 Rf4 36. Rf2 Rxf2 37. Kxf2 Kd4 38. c5 d5 39. b5 Kxc5 40. bxc6 bxc6
41. Ke3 Kb4 42. Kd4 Kxa4
0-1

[Event "M.SCLODOWSKA-CURIE"]
[Site "SchemingMind.com"]
[Date "2007.10.11"]
[Round "-"]
[White "Francisco Aquino"]
[Black "1tamad"]
[Result "1-0"]
[WhiteCountry "BRA"]
[BlackCountry "USA"]
[WhiteElo "1809"]
[WhiteRD "97"]
[BlackElo "1766"]
[BlackRD "73"]
[GameID "123851"]

1. e4 e6 2. d4 d5 3. exd5 exd5 4. Nf3 Nf6 5. Bb5+ c6 6. Bd3 Bd6 7. O-O h6 8. Re1+ Be7 9. Nc3 O-O 10. Bf4 Nh5
11. Qd2 Nxf4 12. Qxf4 Nd7 13. Re2 Nf6 14. Rae1 Bd6 15. Qd2 Bg4 16. Kh1 Bxf3 17. gxf3 Qc7 18. Rg1 Bf4 19. Qe1 Bxh2 20. Rg2 Bf4
21. Qg1 g5 22. Nd1 Kh8 23. Ne3 Rae8 24. Nf5 h5 25. Rxg5 Rg8 26. Rxe8 Rxe8 27. Rg7 c5 28. dxc5 d4 29. Nd6 Bxd6 30. cxd6 Qxd6
31. Qg5 Re1+ 32. Kg2
1-0

[Event "M.SCLODOWSKA-CURIE"]
[Site "SchemingMind.com"]
[Date "2007.10.11"]
[Round "-"]
[White "wmakos"]
[Black "1tamad"]
[Result "0-1"]
[WhiteCountry "POL"]
[BlackCountry "USA"]
[WhiteElo "1570"]
[WhiteRD "101"]
[BlackElo "1760"]
[BlackRD "69"]
[GameID "123852"]

1. e4 e6 2. d4 d5 3. Nd2 Nc6 4. Ngf3 Bb4 5. c3 Ba5 6. b4 Bb6 7. a4 a6 8. Be2 Nf6 9. e5 Nd7 10. Nb3 O-O
11. Ng5 Qe7 12. Bd3 f5 13. Qh5 h6 14. Nh3 Nxb4 15. Nf4 Nxd3+ 16. Nxd3 c5 17. Nf4 cxd4 18. Ng6 Qf7 19. cxd4 Re8 20. Be3 Nf8
21. Nf4 Qxh5 22. Nxh5 Nh7 23. O-O Bd7 24. Nd2 Rac8 25. Nf3 Rc4 26. a5 Bd8 27. h3 Ra4 28. Nh4 Bxh4 29. Rab1 Bb5
0-1